| 000 -LEADER |
| fixed length control field |
02366cam a22004937i 4500 |
| 001 - CONTROL NUMBER |
| control field |
18174850 |
| 003 - CONTROL NUMBER IDENTIFIER |
| control field |
NUST |
| 005 - DATE AND TIME OF LATEST TRANSACTION |
| control field |
20190718055904.0 |
| 008 - FIXED-LENGTH DATA ELEMENTS--GENERAL INFORMATION |
| fixed length control field |
140603t20142014ne a b 001 0 eng d |
| 010 ## - LIBRARY OF CONGRESS CONTROL NUMBER |
| LC control number |
2014395395 |
| 015 ## - NATIONAL BIBLIOGRAPHY NUMBER |
| National bibliography number |
GBB389064 |
| Source |
bnb |
| 016 7# - NATIONAL BIBLIOGRAPHIC AGENCY CONTROL NUMBER |
| Record control number |
016507383 |
| Source |
Uk |
| 020 ## - INTERNATIONAL STANDARD BOOK NUMBER |
| International Standard Book Number |
9780124077263 (pbk.) |
| 020 ## - INTERNATIONAL STANDARD BOOK NUMBER |
| International Standard Book Number |
0124077269 (pbk.) |
| 035 ## - SYSTEM CONTROL NUMBER |
| System control number |
(OCoLC)ocn859555917 |
| 038 ## - RECORD CONTENT LICENSOR |
| Staff Name |
Arshad |
| 040 ## - CATALOGING SOURCE |
| Original cataloging agency |
UKMGB |
| Language of cataloging |
eng |
| Transcribing agency |
UKMGB |
| Description conventions |
rda |
| Modifying agency |
OCLCO |
| -- |
UV0 |
| -- |
CDN |
| -- |
TXI |
| -- |
FUG |
| -- |
DLC |
| 042 ## - AUTHENTICATION CODE |
| Authentication code |
lccopycat |
| 050 00 - LIBRARY OF CONGRESS CALL NUMBER |
| Classification number |
QA76.9.C643 |
| Item number |
P37 2014 |
| 082 04 - DEWEY DECIMAL CLASSIFICATION NUMBER |
| Classification number |
004.21 |
| Author Mark |
PAT |
| 100 1# - MAIN ENTRY--PERSONAL NAME |
| Personal name |
Patterson, David A., |
| Relator term |
author. |
| 9 (RLIN) |
710 |
| 245 10 - TITLE STATEMENT |
| Title |
Computer organization and design : |
| Remainder of title |
the hardware/software interface. |
| 250 ## - EDITION STATEMENT |
| Edition statement |
Fifth edition / |
| Remainder of edition statement |
David A. Patterson, University of California, Berkeley, John L. Hennessy, Stanford University ; with contributions by Perry alexander, the University of Kansas ... [and fifteen others]. |
| 264 #1 - PRODUCTION, PUBLICATION, DISTRIBUTION, MANUFACTURE, AND COPYRIGHT NOTICE |
| Place of production, publication, distribution, manufacture |
Amsterdam ; |
| -- |
Boston : |
| Name of producer, publisher, distributor, manufacturer |
Elsevier/Morgan Kaufmann, Morgan Kaufmann is an imprint of Elsevier, |
| Date of production, publication, distribution, manufacture, or copyright notice |
[2014] |
| 264 #4 - PRODUCTION, PUBLICATION, DISTRIBUTION, MANUFACTURE, AND COPYRIGHT NOTICE |
| Date of production, publication, distribution, manufacture, or copyright notice |
©2014 |
| 300 ## - PHYSICAL DESCRIPTION |
| Extent |
575 pages, 194 variously numbered pages : |
| Other physical details |
illustrations ; |
| Dimensions |
24 cm |
| 336 ## - CONTENT TYPE |
| Content type term |
text |
| Source |
rdacontent |
| 337 ## - MEDIA TYPE |
| Media type term |
unmediated |
| Source |
rdamedia |
| 338 ## - CARRIER TYPE |
| Carrier type term |
volume |
| Source |
rdacarrier |
| 490 1# - SERIES STATEMENT |
| Series statement |
The Morgan Kaufmann series in computer architecture and design |
| 500 ## - GENERAL NOTE |
| General note |
Previous edition: 2012. |
| 500 ## - GENERAL NOTE |
| General note |
Rev. ed. of: Computer organization and design/John L. Hennessy, David A. Patterson. 1998. |
| 504 ## - BIBLIOGRAPHY, ETC. NOTE |
| Bibliography, etc. note |
Includes bibliographical references and index. |
| 505 0# - FORMATTED CONTENTS NOTE |
| Formatted contents note |
Computer abstractions and technology -- Instructions : language of the computer -- Arithmetic for computers -- The processor -- Large and fast : exploiting memory hierarchy -- Parallel processors from client to cloud. |
| 520 ## - SUMMARY, ETC. |
| Summary, etc. |
"Presents the fundamentals of hardware technologies, assembly language, computer arithmetic, pipelining, memory hierarchies and I/O"--Provided by publisher. |
| 650 #0 - SUBJECT ADDED ENTRY--TOPICAL TERM |
| Topical term or geographic name entry element |
Computer organization. |
| 9 (RLIN) |
7006 |
| 650 #0 - SUBJECT ADDED ENTRY--TOPICAL TERM |
| Topical term or geographic name entry element |
System design |
| General subdivision |
Data processing. |
| 9 (RLIN) |
17969 |
| 650 #0 - SUBJECT ADDED ENTRY--TOPICAL TERM |
| Topical term or geographic name entry element |
Computer architecture. |
| 9 (RLIN) |
3070 |
| 700 1# - ADDED ENTRY--PERSONAL NAME |
| Personal name |
Hennessy, John L., |
| Relator term |
author. |
| 9 (RLIN) |
7008 |
| 830 #0 - SERIES ADDED ENTRY--UNIFORM TITLE |
| Uniform title |
Morgan Kaufmann series in computer architecture and design. |
| 9 (RLIN) |
17970 |
| 906 ## - LOCAL DATA ELEMENT F, LDF (RLIN) |
| a |
7 |
| b |
cbc |
| c |
copycat |
| d |
2 |
| e |
ncip |
| f |
20 |
| g |
y-gencatlg |
| 942 ## - ADDED ENTRY ELEMENTS (KOHA) |
| Source of classification or shelving scheme |
|
| Koha item type |
Book |